| 000 | 01633nam a22003977a 4500 | ||
|---|---|---|---|
| 003 | CHAP | ||
| 005 | 20220329140956.0 | ||
| 008 | 971013s1984 r 00010 d | ||
| 010 | _a60781 | ||
| 011 | _a61753 | ||
| 035 | _a65921 | ||
| 040 | _cCHAP | ||
| 082 |
_a530 _bW43Y 1972 |
||
| 100 | 0 | 0 |
_aWhite, Harvey E. _9121691 |
| 245 | _aFísica moderna | ||
| 260 |
_aMéxico, D.F. : _bUTEHA, _c1984 |
||
| 300 |
_a2 v. _b: ilus. ; gráfs. |
||
| 500 | _aTrad. de la 6 ed. en inglés de 1972 | ||
| 590 |
_aBATCH-UPD _b10 _c20130110 _lUCH01 _h1406 |
||
| 590 |
_aBATCH-UPD _b10 _c20130410 _lUCH01 _h0855 |
||
| 590 |
_aBATCH-UPD _b10 _c20130914 _lUCH01 _h1422 |
||
| 590 |
_aCONVERSION _b10 _c20130109 _lUCH01 _h1333 |
||
| 650 | 1 | 4 |
_aFísica. _941975 |
| 901 | _aBK | ||
| 942 | _cLIBRO | ||
| 949 |
_a530 W43Y 1972 _bBC _cLIBRO _d-150570 _eLIBRO _fv.2 c.3 _h65998 _i65921 _si |
||
| 949 |
_a530 W43Y 1972 _bBC _cLIBRO _d33724000688073 _eLIBRO _fv.1 c.3 _h77350 _i65921 _si |
||
| 949 |
_a530 W43Y 1972 _bBC _cLIBRO _d33724000755757 _eLIBRO _fv.2 _h65996 _i65921 _si |
||
| 949 |
_a530 W43Y 1972 _bBC _cLIBRO _d33724000827895 _eLIBRO _fv.2 c.5 _h77351 _i65921 _si |
||
| 949 |
_a530 W43Y 1972 _bBC _cLIBRO _d33724000889432 _eLIBRO _fv.1 _h65995 _i65921 _si |
||
| 949 |
_a530 W43Y 1972 _bBC _cLIBRO _d33724000906145 _eLIBRO _fv.2 c.4 _h67626 _i65921 _si |
||
| 949 |
_a530 W43Y 1972 _bBC _cLIBRO _d33724000919171 _eLIBRO _fv.2 c.2 _h65997 _i65921 _si |
||
| 949 |
_a530 W43Y 1972 _bBC _cLIBRO _d33724000937843 _eLIBRO _fv.1 c.4 _h77349 _i65921 _si |
||
| 949 |
_a530 W43Y 1972 _bBC _cMUT _d-150571 _eMUT _fv.1 c.2 _h67625 _i65921 _si |
||
| 949 |
_a530 W43Y 1972 _bBC _cMUT _d-150575 _eMUT _fv.2 c.6 _h77352 _i65921 _si |
||
| 999 |
_c60781 _d60781 |
||